000
00397pam a2200121a 44500
008
230405s2006 xxu||||| |||| 00| 0 eng d
041
_a
MAR
100
_a
सदानंद कदम आणि रविंद्र पिंगे
245
_a
आजचा दिनविशेष
260
_a
पुणे
_b
राजहंस प्रकाशन
_c
2006
300
_a
432p.
906
_a
8665
999
_c
299164
_d
299164